01290nam a2200301 i 4500003000900000005001700009007000300026008004100029020001500070040003000085082001400115100004200129245015100171264005900322300006600381336002700447337003400474338002800508500006900536504002700605504002700632590002700659700004500686910001400731942001400745952021200759999001700971DO-SdBNP20240902113207.0ta240902s2011 xxuacd 000 j spa d a1607971933 aDO-SdBNPbspacBNPHUerda bA473h222 aÁlvarez López, Luis944998eautor14aThe history of capitalism in Dominican Republic, 1870-2004 :breadings in dominican history /cLuis Álvarez López, Apolinar Matos GonzálezL 1aNew York, Estados Unidos :bLinus publications,c2011. a208 páginas, bilustraciones, retratos, grafícasc27 cm. 2rdacontentatextobtxt 2rdamediaasin mediación bn 2rdacarrieravolumenbnc aIncluye datos biográficos de los autores en la contraportada.  aBibliografía p: 207. aReferencias p: 202-205 aInventariado, 2024/ YL1 aMatos González, Apolinareautor986494 aYLockward 2ddccLBS1 00102ddc51708PDaBNPHUbBNPHUcCTd2023-03-01eDonado por Emilio Cordero Michell0oBNPHU PD A473hp2024-5194r2024-09-02w2024-09-02yLBS1zPerteneció a la biblioteca personal de Emilio Cordero Michel c57601d57601